<?xml version="1.0" encoding="UTF-8"?>
<marc:record xmlns:marc="http://www.loc.gov/MARC21/slim">
   <marc:leader>00000nam a2200000 a 4500</marc:leader>
   <marc:datafield ind1="1" ind2=" " tag="100">
      <marc:subfield code="a">Roß, Gabriele</marc:subfield>
      <marc:subfield code="4">aut</marc:subfield>
      <marc:subfield code="e">Verfasser/-in</marc:subfield>
   </marc:datafield>
   <marc:datafield ind1=" " ind2=" " tag="653">
      <marc:subfield code="a">Kind</marc:subfield>
   </marc:datafield>
   <marc:datafield ind1=" " ind2=" " tag="653">
      <marc:subfield code="a">Sprecherziehung</marc:subfield>
   </marc:datafield>
   <marc:datafield ind1=" " ind2=" " tag="653">
      <marc:subfield code="a">Ratgeber</marc:subfield>
   </marc:datafield>
   <marc:datafield ind1="0" ind2="0" tag="245">
      <marc:subfield code="a">So lernen Kinder richtig sprechen</marc:subfield>
   </marc:datafield>
   <marc:datafield ind1="0" ind2="0" tag="245">
      <marc:subfield code="b">Ratgeber für Eltern mit großem Praxisteil</marc:subfield>
   </marc:datafield>
   <marc:datafield ind1="0" ind2="0" tag="245">
      <marc:subfield code="c">Roß, Gabriele</marc:subfield>
   </marc:datafield>
   <marc:datafield ind1=" " ind2="1" tag="264">
      <marc:subfield code="a">München</marc:subfield>
      <marc:subfield code="b">Pattloch</marc:subfield>
      <marc:subfield code="c">2000</marc:subfield>
   </marc:datafield>
   <marc:datafield ind1="1" ind2=" " tag="520">
      <marc:subfield code="a">Eltern können vom Tag der Geburt an viel für die Sprachentwicklung ihres Kindes tun. Dieser Ratgeber unterstützt dabei mit vielen praktischen Hinweisen und Tipps. Gut verständlich geschriebene und übersichtlich aufbereitete Informationen geben Eltern Sicherheit, die Sprachfähigkeit ihres Kindes besser einschätzen zu können. Ein Sprachentwicklungs-Kalender enthält die wichtigsten Merkmale zur Orientierung. Im Mittelpunkt des Buches stehen jedoch die vielen Spiel-Ideen zum Sprechenlernen: von Kitzelversen und Fingerspielen über Mundturnen bis zu Merkspielen und Zungenbrecher. So macht das Sprechenlernen allen Kindern und auch den Eltern Spaß. Auch für alle häufigen Sprachprobleme finden Eltern hier viele konkrete Tipps und Hilfen.</marc:subfield>
   </marc:datafield>
   <marc:datafield ind1=" " ind2=" " tag="020">
      <marc:subfield code="a">9783629002785</marc:subfield>
      <marc:subfield code="9">9783629002785</marc:subfield>
   </marc:datafield>
   <marc:datafield ind1=" " ind2=" " tag="020">
      <marc:subfield code="a">3629002781</marc:subfield>
      <marc:subfield code="9">3629002781</marc:subfield>
   </marc:datafield>
   <marc:datafield ind1=" " ind2=" " tag="041">
      <marc:subfield code="a">ger</marc:subfield>
   </marc:datafield>
   <marc:datafield ind1=" " ind2=" " tag="338">
      <marc:subfield code="a">Band</marc:subfield>
   </marc:datafield>
   <marc:datafield ind1=" " ind2=" " tag="300">
      <marc:subfield code="a">79 S. : Ill.</marc:subfield>
   </marc:datafield>
</marc:record>
